Untold stories : (Record no. 3003)

MARC details
000 -LEADER
fixed length control field 01565nam a22002177a 4500
005 - DATE AND TIME OF LATEST TRANSACTION
control field 20240130122220.0
020 ## - INTERNATIONAL STANDARD BOOK NUMBER
International Standard Book Number 0571228305
040 ## - CATALOGING SOURCE
Original cataloging agency FISKH
Language of cataloging eng
Transcribing agency FISKH
Modifying agency FISKH
050 ## - LIBRARY OF CONGRESS CALL NUMBER
Classification number PR6052.E5
082 ## - DEWEY DECIMAL CLASSIFICATION NUMBER
Classification number 822.912
100 ## - MAIN ENTRY--PERSONAL NAME
Personal name Bennett, Alan
245 ## - TITLE STATEMENT
Title Untold stories :
Statement of responsibility, etc. Alan Bennett
260 ## - PUBLICATION, DISTRIBUTION, ETC.
Place of publication, distribution, etc. London :
Name of publisher, distributor, etc. faber&faber ;
Date of publication, distribution, etc. 1988
300 ## - PHYSICAL DESCRIPTION
Extent 658 pages :
Dimensions 25 cm
520 ## - SUMMARY, ETC.
Summary, etc. Here, at last, is the astonishing sequel to Alan Bennett's classic Writing Home, in a beautiful hardback edition. Untold Stories contains significant previously unpublished work, including a poignant memoir of his family and of growing up in Leeds, together with his much celebrated diary for the years 1996-2004, and numerous other exceptional essays, reviews and comic pieces. Bennett, as always, is both amusing and poignant, whether he's discussing his modest childhood or his work with figures such as Maggie Smith, Thora Hird and John Gielgud. Since the success of Beyond the Fringe in the 1960s Alan Bennett has delighted audiences worldwide with his gentle humour and wry observations about life. His many works include Forty Years On, The Lady in the Van, Talking Heads, A Question of Attribution and The Madness of King George. The History Boys opened to great acclaim at the National in 2004, and is winner of the Evening Standard Award, the South Bank Award and the Critics' Circle Award for Best New Play. Untold Stories is published jointly with Profile Books.
650 ## - SUBJECT ADDED ENTRY--TOPICAL TERM
Topical term or geographic name entry element Biography
650 ## - SUBJECT ADDED ENTRY--TOPICAL TERM
Topical term or geographic name entry element Memoire
650 ## - SUBJECT ADDED ENTRY--TOPICAL TERM
Topical term or geographic name entry element Leeds
942 ## - ADDED ENTRY ELEMENTS (KOHA)
Source of classification or shelving scheme Dewey Decimal Classification
Koha item type Books
Suppress in OPAC No
999 ## -
-- 3003
-- 3003
Holdings
Withdrawn status Lost status Source of classification or shelving scheme Damaged status Not for loan Collection Home library Current library Shelving location Date acquired Total Checkouts Full call number Barcode Date last seen Price effective from Koha item type
    Dewey Decimal Classification     Non-Fiction Footprints International School Library Network Toul Kork Campus Footprints International School Library Network Toul Kork Campus   01/30/2024   BEN 822.914 PR6052.E5 2024-0059 01/30/2024 01/30/2024 Books